Statistieken voor Beste Nederlandse voetballers allertijde

Klik hier om de quiz te nemen!

Algemene statistieken

  • Deze quiz is 118 keer genomen
  • De gemiddelde score is 9 van 15

Antwoordstatistieken

HintAntwoord% Correct
8Gullit
93%
2Van basten
86%
1Cruijff
82%
3Robben
79%
9Koeman
70%
5Van persie
69%
4Bergkamp
62%
13Rijkaard
59%
7Seedorf
56%
12van dijk
54%
6Van der sar
51%
11Stam
40%
14Kluivert
38%
15Davids
29%
10Van Nistelrooij
27%

Scoreverdeling

Percentiel versus Aantal Correcte Antwoorden

Procent van Mensen met Elke Score

Uw Scoregeschiedenis

U heeft deze quiz nog niet genomen